Countries that Start with C - Sudden Death - Statistics

General Stats
  • This quiz has been taken 262 times
  • The average score is 13 of 14
Answers on the Grid
Answers color-coded by a green-red scale on the quiz's grid according to % correct below.
Cairo
California
Cambodia
Cameroon
Canada
Canberra
Cape Breton
Cape Verde
Caracas
Cardiff
Caribbean
Carthage
Caucasus
Central African Republic
Chad
Changzhou
Chechnya
Chennai
Chile
China
Chișinău
Comoros
Conakry
Cook Islands
Copenhagen
Costa Rica
Croatia
Cuba
Cyprus
Czech Republic
 
Answer Stats
Answer % Correct
Canada
96%
Cambodia
95%
Chile
94%
China
93%
Cameroon
92%
Chad
92%
Costa Rica
89%
Croatia
89%
Czech Republic
89%
Central African Republic
88%
Cuba
88%
Cyprus
88%
Cape Verde
84%
Comoros
80%
No matching quizzes found
Score Distribution
Percent of People with Each Score
Percentile by Number Answered
Your Score History
You have not taken this quiz